00694nam a2200193 i 4500001000700000003000900007005001700016008004100033040002600074080001900100100002000119245004900139260008800188300003500276490005400311650004500365830005400410852003600464158290ES-MaACL20230906211105.0960320s1897 fr a |||| | fre d aGA bspa cCCPB | SIC a821.134.2-2.091 aLyonnet, Henry.13aLe théâtre en Espagne / cHenry Lyonnet. aParis : bPaul Ollendorff, c1897 (eÉvreux : fImprimerie de Charles Hérissey) a[4], 324 p. : bil. ; c19 cm.1 aLe théâtre hors de France. Première série 4aTeatro español-xHistoria y crítica.0 aLe théâtre hors de France. Première série aES-MaACLjF-1346 z-- Enc. hol.